000
00332nam a2200145Ia 4500
100
_a
Hollingdale/S.H./ Tootill/G.I.
650
_a
Electrical Engineering
942
_c
BK
654
_a
Electronic
245
_a
Electronic Computers
260
_b
Penguin Books
_a
England
_c
1965
300
_a
335
546
_a
ENGLISH
999
_c
20146
_d
20146